[Event "ESP-chT"]
[Site "?"]
[Date "1990.??.??"]
[Round "?"]
[White "Garcia Callejo, Jesus"]
[Black "Martin Gonzalez, Angel"]
[Result "0-1"]
[WhiteElo "2295"]
[BlackElo "2400"]

1.e4 c5 2.c3 Nf6 3.e5 Nd5 4.Nf3 d6 5.d4 cxd4 6.cxd4 Nc6 7.Bc4 Nb6 8.Bb3 d5
9.h3 Bf5 10.Nc3 e6 11.Bg5 Qd7 12.Nh4 h6 13.Nxf5 hxg5 14.Ne3 f5 15.exf6 gxf6
16.Ng4 Bg7 17.O-O f5 18.Ne5 Bxe5 19.dxe5 g4 20.hxg4 Qh7 21.f4 Qh2+ 22.Kf2 Qxf4+
23.Qf3 Qd4+ 24.Ke1 O-O-O 25.Rd1 fxg4 26.Qe2 Qxe5 27.Nb5 Qxe2+ 28.Kxe2 a6
29.Nd4 Nxd4+ 30.Rxd4 Rhg8 31.Rb4 Nd7 32.a4 a5 33.Rb5 b6 34.Ba2 Rgf8 35.b4 Rxf1
36.Kxf1 Rf8+ 37.Ke1 Rf4 38.bxa5 Rxa4 39.Bxd5 exd5 40.axb6 Rd4 41.b7+ Kc7
42.Kf2 Nb8 43.Ke3 Re4+ 44.Kd3 Kc6 45.Rb2 Re7 46.Kd4 Re4+ 47.Kd3 Re8 48.Rb4 Re7
49.Rxg4 Rxb7 50.Rg8 Nd7 51.g4 Rb4 52.Ke3 Re4+  0-1

[Event "AUT-ch sf"]
[Site "Finkenstein"]
[Date "1990.??.??"]
[Round "?"]
[White "Wach, Markus"]
[Black "Schumi, Manfred"]
[Result "1-0"]
[WhiteElo "2235"]
[BlackElo "2265"]

1.e4 c5 2.c3 Nf6 3.e5 Nd5 4.d4 cxd4 5.Nf3 e6 6.cxd4 b6 7.Nc3 Nxc3 8.bxc3 Qc7
9.Bd2 d6 10.Bd3 Nd7 11.Ng5 Bb7 12.f4 Be7 13.Qg4 Bxg5 14.Qxg5 f5 15.O-O O-O
16.Qe7 Rfe8 17.Qxd6 Qxd6 18.exd6 Rac8 19.a4 Rc6 20.Rfe1 Kf7 21.a5 Rxd6 22.axb6 axb6
23.Ra7 Bc6 24.Rea1 Kg6 25.Bc1 Nf6 26.Ba3 Rdd8 27.Be7 Ra8 28.Bd6 Rxa7 29.Rxa7 Ra8
30.Rxa8 Bxa8 31.Bb5 Be4 32.c4 Bd3 33.Bc7 Ne4 34.Be8+ Kh6 35.d5 Bxc4 36.d6 Nxd6
37.Bxd6 b5 38.Be7 g6 39.Bf6 b4 40.Kf2 Kh5 41.Bc6 Kh6 42.h3 b3 43.Kg3 e5 44.Bxe5 g5
45.fxg5+ Kxg5 46.h4+ Kg6 47.Be8+ Kh6 48.Kf4 Bd3 49.g3 Be4 50.Ke3 Bd5 51.Kd2  1-0

[Event "Peer Gynt"]
[Site "Gausdal"]
[Date "1990.??.??"]
[Round "3"]
[White "Lindgren, Mats"]
[Black "Kotronias, Vasilios"]
[Result "1/2-1/2"]
[WhiteElo "2250"]
[BlackElo "2510"]

1.e4 c5 2.c3 Nf6 3.e5 Nd5 4.d4 cxd4 5.Nf3 Nc6 6.Bc4 Nb6 7.Bb3 d5 8.exd6 Qxd6
9.O-O Be6 10.Bxe6 Qxe6 11.Nxd4 Nxd4 12.Qxd4 Rd8 13.Qh4 Qe2 14.Be3 e6 15.Bxb6 axb6
16.Na3 b5 17.Qg5 Bxa3 18.Qxg7 Bxb2 19.Rae1 Qh5 20.Qxh8+ Ke7 21.Qe5 Qxe5 22.Rxe5 b4
23.Rb5 bxc3 24.Rxb7+ Rd7 25.Rb8 Rd8 26.Rb7+ Rd7 27.Rb8 Rd8  1/2-1/2

[Event "Arnold Cup"]
[Site "Gausdal"]
[Date "1990.??.??"]
[Round "3"]
[White "Bronstein, David I"]
[Black "Tischbierek, Raj"]
[Result "0-1"]
[WhiteElo "2445"]
[BlackElo "2440"]

1.e4 c5 2.c3 Nf6 3.e5 Nd5 4.d4 cxd4 5.Nf3 Nc6 6.Bc4 Nb6 7.Bb3 d5 8.exd6 Qxd6
9.O-O Be6 10.Na3 dxc3 11.Nb5 Qxd1 12.Rxd1 Rc8 13.Bxe6 fxe6 14.Nxc3 h6 15.Ne4 g5
16.Nc5 Nd8 17.b4 Bg7 18.Rb1 Nc4 19.Re1 Kf7 20.a4 b6 21.Ne4 Nc6 22.h4 gxh4
23.Nxh4 Nd4 24.g3 Bf6 25.Kg2 Bxh4 26.gxh4 Rcg8+ 27.Kh3 Nf3 28.Rd1 Ng1+ 29.Kh2 Nf3+
30.Kh3 Ng1+ 31.Kh2 Rg4 32.Ng3 Nf3+ 33.Kg2 Nxh4+ 34.Kh3 Rhg8 35.Rd7 Nf5 36.Rb3 a6
37.b5 axb5 38.axb5 h5 39.Ba3 Rh4+ 40.Kg2 Nxa3 41.Rxa3 Rf4 42.Kh1 Rxf2 43.Nxf5 Rxf5
44.Raa7 Re8  0-1

[Event "Gausdal Int"]
[Site "Gausdal"]
[Date "1990.??.??"]
[Round "5"]
[White "Stein, Bernd"]
[Black "Kovalev, Andrei"]
[Result "0-1"]
[WhiteElo "2380"]
[BlackElo "2500"]

1.e4 c5 2.c3 Nf6 3.e5 Nd5 4.d4 cxd4 5.Qxd4 e6 6.Nf3 Nc6 7.Qe4 d6 8.Bb5 Bd7
9.c4 Nc7 10.exd6 Bxd6 11.O-O Qe7 12.Rd1 O-O 13.Nc3 Be8 14.Ba4 f5 15.Qd3 Bc5
16.Bg5 Qf7 17.Bf4 Rd8 18.Qe2 Nd4 19.Nxd4 Bxa4 20.Nxa4 Bxd4 21.Be5 Bxe5 22.Qxe5 Na6
23.h3 Qf6 24.Qxf6 gxf6 25.a3 Kf7 26.Kf1 Nb8 27.Ke2 Nc6 28.Rxd8 Rxd8 29.Rd1 Nd4+
30.Ke3 f4+ 31.Kd2 f3 32.g3 Nc6+ 33.Ke1 Rxd1+ 34.Kxd1 Ne5 35.c5 Nd3 36.Kd2 Nxf2
37.Ke3 Nxh3 38.Kxf3 Ng5+ 39.Ke3 e5 40.b4 Ne6 41.Nb2 Nd4 42.Nc4 Ke6 43.Kd3 h5
44.a4 Nf5  0-1

[Event "Geneve op"]
[Site "Geneve"]
[Date "1990.??.??"]
[Round "?"]
[White "Rozentalis, Eduardas"]
[Black "Filipovic, Branko"]
[Result "1-0"]
[WhiteElo "2520"]
[BlackElo "2445"]

1.e4 c5 2.c3 Nf6 3.e5 Nd5 4.d4 cxd4 5.cxd4 e6 6.Nc3 Nxc3 7.bxc3 Qc7 8.Qc2 d6
9.exd6 Bxd6 10.Nf3 O-O 11.Bd3 f5 12.O-O Nc6 13.Re1 e5 14.Ba3 e4 15.Bc4+ Kh8
16.Bxd6 Qxd6 17.Nd2 Bd7 18.f3 exf3 19.Nxf3 Rac8 20.Bb3 f4 21.Ng5 Bf5 22.Qf2 Qg6
23.Qxf4 b5 24.Rf1 Ne7 25.Rae1 h6 26.Nf7+ Rxf7 27.Bxf7 Qxf7 28.Qe5 Qxa2 29.Qxe7 Bg6
30.Ra1 Qc2 31.Rxa7 Rg8 32.Qe3 Be4 33.Qg3 Bd3 34.Rfa1 Qxc3 35.Qe3 Qc2 36.h3 Bc4
37.R1a6 Qd1+ 38.Kh2 Qh5 39.Ra8 Bd5 40.Rxg8+ Bxg8 41.Qe5 Qxe5+ 42.dxe5 Kh7
43.e6  1-0

[Event "BL2-W8990"]
[Site "Germany"]
[Date "1990.??.??"]
[Round "?"]
[White "Kaeser, Udo"]
[Black "Morawietz, Dieter"]
[Result "0-1"]
[WhiteElo "2270"]
[BlackElo "2295"]

1.e4 c5 2.c3 Nf6 3.e5 Nd5 4.d4 cxd4 5.Nf3 e6 6.cxd4 d6 7.a3 dxe5 8.dxe5 Bd7
9.Bd3 Qa5+ 10.Bd2 Qb6 11.Nc3 Nxc3 12.Bxc3 Bb5 13.O-O Be7 14.Bxb5+ Qxb5 15.Nd4 Qa6
16.Bb4 Bxb4 17.axb4 Qb6 18.Qa4+ Nc6 19.Nxc6 bxc6 20.Rfc1 O-O 21.Rxc6 Qd4
22.b5 Qxb2 23.b6 a5 24.Rac1 g6 25.h4 Qxe5 26.b7 Rab8 27.Rc7 Qb2 28.Qxa5 Rxb7
29.R7c2 Qd4 30.Rc4 Qd6 31.Qc3 Rb5 32.Rc8 Rxc8 33.Qxc8+ Kg7 34.Qc3+ e5 35.Qe3 Qd4
36.Re1 Qxh4 37.Qc3 Qd4 38.Qc6 Rb2 39.Qf3 Rb4 40.Rd1 Qf4 41.Qc3 Rb6 42.g3 Qf6
43.Qc5 e4 44.Re1 Re6 45.Rb1 Re8 46.Rb6 Qa1+ 47.Kg2 Re5 48.Qc2 e3 49.fxe3 Rxe3
50.Rb3 Qa8+ 51.Kh2 Qe4 52.Qb2+ Qe5 53.Qxe5+ Rxe5 54.Rb7 h5 55.Kg2 Re4 56.Kf3 Rc4
57.Rb5 f5 58.Kg2 h4 59.gxh4 Rxh4 60.Kg3 Ra4 61.Kh3 Kf6 62.Rb3 g5 63.Rb6+ Ke5
64.Rb5+ Ke4 65.Rb8 Ra3+ 66.Kh2 g4 67.Rb4+ Kf3 68.Rb1 Ra2+ 69.Kh1 g3 70.Rb3+ Kg4
71.Rb8 f4 72.Rb4 Kh3 73.Rb1 f3  0-1

[Event "BL2-W8990"]
[Site "Germany"]
[Date "1990.??.??"]
[Round "?"]
[White "Kreutzkamp, Reinhold"]
[Black "Rosen, Willy"]
[Result "1-0"]
[WhiteElo "2250"]
[BlackElo "2265"]

1.e4 c5 2.c3 Nf6 3.e5 Nd5 4.d4 cxd4 5.Nf3 Nc6 6.Bc4 Nb6 7.Bb3 d5 8.exd6 exd6
9.Nxd4 Be7 10.O-O O-O 11.Bf4 Ne5 12.h3 Bd7 13.Na3 Rc8 14.Re1 Rc5 15.Nf3 Nxf3+
16.Qxf3 Bc6 17.Qd3 Nd5 18.Bh2 a5 19.Rad1 a4 20.Bc2 g6 21.Bb1 Bg5 22.c4 Nf4
23.Qxd6 Qxd6 24.Rxd6 Bxg2 25.h4 Bh6 26.Bxf4 Bxf4 27.Rd4 Be5 28.Rxe5 Rxe5
29.Kxg2 Re2 30.b3 axb3 31.axb3 Rb2 32.Be4 Ra8 33.Nb5 Raa2 34.Bxb7 Rxf2+ 35.Kg3 Rfb2
36.Rd3 Ra1 37.c5 Ra5 38.Bc6 Rc2 39.b4 Raa2 40.Nc7 Rab2 41.Na6 f5 42.Kf4 Kf7
43.Ke5 h6 44.Rd7+ Kg8 45.Kf6  1-0

[Event "BL2-S8990"]
[Site "Germany"]
[Date "1990.??.??"]
[Round "?"]
[White "Oesterle, Peter"]
[Black "Leitner, Maximilian"]
[Result "0-1"]
[WhiteElo "2260"]
[BlackElo "2245"]

1.e4 c5 2.c3 Nf6 3.e5 Nd5 4.d4 cxd4 5.Nf3 e6 6.cxd4 b6 7.Nc3 Nxc3 8.bxc3 Be7
9.Bd3 Ba6 10.O-O Bxd3 11.Qxd3 d5 12.exd6 Qxd6 13.Ne5 O-O 14.Bf4 Qd5 15.Qg3 Kh8
16.Rfe1 Nd7 17.Rad1 Nxe5 18.Rxe5 Qxa2 19.Qd3 Bf6 20.Rh5 g6 21.Rh6 Bg7 22.Rh4 Kg8
23.Qe3 f6 24.Qd3 Rac8 25.Bd2 Qc4 26.Qe3 Rfe8 27.Ra1 Rc7 28.Qh3 Bf8 29.Re1 a5
30.Qg3 Rd7 31.f4 f5 32.Qf2 Be7 33.Rh3 b5 34.Rhe3 Bf6 35.Qe2 Qxe2 36.R3xe2 Kf7
37.Rb1 Rb8 38.Kf2 b4 39.cxb4 Bxd4+ 40.Be3 Bxe3+ 41.Kxe3 Rxb4 42.Rxb4 axb4
43.Rb2 Rb7 44.Rb3 Ke7 45.Kd4 Kd6 46.g3 Rb8 47.Kc4 e5 48.Rd3+ Ke6 49.fxe5 Kxe5
50.Re3+ Kf6 51.Rb3 g5 52.Kd4 g4 53.Kd3 Ke5 54.Ke3 Rb5  0-1

[Event "Groningen op"]
[Site "Groningen"]
[Date "1990.??.??"]
[Round "3"]
[White "Booij, Johan"]
[Black "Foisor, Ovidiu"]
[Result "0-1"]
[WhiteElo "2290"]
[BlackElo "2395"]

1.e4 c5 2.c3 Nf6 3.e5 Nd5 4.d4 cxd4 5.Nf3 e6 6.Qxd4 Nc6 7.Qe4 f5 8.exf6 Nxf6
9.Qh4 Qc7 10.Nbd2 d5 11.Bd3 Bd6 12.Bg6+ Ke7 13.O-O Bd7 14.Bd3 h6 15.Bg6 Raf8
16.c4 Kd8 17.Nb3 Ne7 18.c5 Bxh2+ 19.Nxh2 Nxg6 20.Qd4 e5 21.Qd3 Ne7 22.Bd2 Nc6
23.Rae1 g5 24.Qe2 Kc8 25.Bc3 Re8 26.Qd2 d4 27.Ba5 Nxa5 28.Nxa5 Bb5 29.Rc1 Bxf1
30.Nxf1 Rd8 31.Ng3 Rd5 32.b4 e4 33.Nc4 Kb8 34.Re1 e3 35.Qd3 Ng4  0-1

[Event "Groningen op"]
[Site "Groningen"]
[Date "1990.??.??"]
[Round "5"]
[White "Blatny, Pavel"]
[Black "Rechel, Bernd"]
[Result "0-1"]
[WhiteElo "2510"]
[BlackElo "2345"]

1.e4 c5 2.c3 Nf6 3.e5 Nd5 4.d4 cxd4 5.Nf3 Nc6 6.Bc4 Nb6 7.Bb3 d6 8.exd6 Qxd6
9.O-O Be6 10.Na3 Bxb3 11.Qxb3 Qd5 12.Nb5 Rc8 13.Nbxd4 e6 14.Rd1 Bc5 15.Nxc6 Qxc6
16.a4 O-O 17.Ne5 Bxf2+ 18.Kxf2 Qc5+ 19.Rd4 Qxe5 20.a5 Nd5 21.Qxb7 Rc7 22.Qb5 Qxh2
23.Qd3 f5 24.Qe2 Rc6 25.Qf3 Qc7 26.Kg1 Rc5 27.a6 Qc6 28.Qe2 Nf6 29.Rb4 Ng4
30.Bf4 e5 31.Bg3 Rd8 32.c4 Qd6 33.Rb7 Rc7 34.Bf2 e4 35.g3 e3 36.Be1 Qc6 37.Qg2 Qxc4
38.Rxc7 Qxc7 39.Qb7 Qc2 40.Qg2 e2 41.Qf3 Qxb2 42.Ra5 Qb6+ 43.Kg2 Qh6 44.Qxe2 Qh2+
45.Kf3 Qh1+ 46.Kf4 Rd4+  0-1

[Event "Hamburg IMT"]
[Site "Hamburg"]
[Date "1990.??.??"]
[Round "6"]
[White "Hermann, Manfred"]
[Black "Holzke, Frank"]
[Result "1/2-1/2"]
[WhiteElo "2370"]
[BlackElo "2395"]

1.e4 c5 2.c3 Nf6 3.e5 Nd5 4.d4 cxd4 5.Nf3 e6 6.cxd4 b6 7.Nc3 Nxc3 8.bxc3 Qc7
9.Bd2 d6 10.Bd3 Nd7 11.Ng5 Bb7 12.O-O dxe5 13.f4 e4 14.Nxe4 g6 15.Qe2 O-O-O
16.a4 Bg7 17.a5 Nf6 18.axb6 axb6 19.Nxf6 Bxf6 20.Ra7 Kb8 21.Rfa1 Rd5 22.Be4 Rhd8
23.Qf3 Qc4 24.Bxd5 Qxd5 25.Qxd5 Rxd5 26.Kf2 b5 27.Be3 b4 28.Rxb7+ Kxb7 29.Rb1 Be7
30.Kf3  1/2-1/2

[Event "Hamburg IMT"]
[Site "Hamburg"]
[Date "1990.??.??"]
[Round "8"]
[White "Hermann, Manfred"]
[Black "Tompa, Janos"]
[Result "1/2-1/2"]
[WhiteElo "2370"]
[BlackElo "2420"]

1.e4 c5 2.c3 Nf6 3.e5 Nd5 4.d4 cxd4 5.Nf3 e6 6.cxd4 d6 7.a3 Bd7 8.Bd3 Bc6
9.O-O Nd7 10.b4 a6 11.Re1 Be7 12.Nbd2 dxe5 13.dxe5 Nf4 14.Be4 Rc8 15.Nc4 Bxe4
16.Rxe4 Nd5 17.Rg4 h5  1/2-1/2

[Event "Capablanca mem-A"]
[Site "Havana"]
[Date "1990.??.??"]
[Round "?"]
[White "Sariego, Wilfredo"]
[Black "Remon, Adelquis"]
[Result "0-1"]
[WhiteElo "2405"]
[BlackElo "2375"]

1.e4 c5 2.c3 Nf6 3.e5 Nd5 4.d4 cxd4 5.Nf3 Nc6 6.Bc4 Nb6 7.Bb3 d5 8.exd6 Qxd6
9.O-O Be6 10.Bxe6 Qxe6 11.Nxd4 Nxd4 12.Qxd4 Rd8 13.Qf4 g6 14.Na3 Bg7 15.Qc7 Qd7
16.Qxd7+ Rxd7 17.Be3 Na4 18.Rab1 O-O 19.Bxa7 b6 20.Nb5 Ra8 21.b3 Nxc3 22.Nxc3 Raxa7
23.Na4 Bd4 24.Rfc1 b5 25.Nc3 Bxc3 26.Rxc3 Rxa2 27.h4 Rdd2 28.Rf3 f5 29.h5 Kg7
30.hxg6 hxg6 31.Re1 Re2 32.Rxe2 Rxe2 33.Rc3 Re1+ 34.Kh2 Rb1 35.f4 b4 36.Re3 Kf6
37.g3 Rc1  0-1

[Event "FIN-ch"]
[Site "Helsinki"]
[Date "1990.??.??"]
[Round "14"]
[White "Valkesalmi, Kimmo"]
[Black "Norri, Joose"]
[Result "1/2-1/2"]
[WhiteElo "2400"]
[BlackElo "2360"]

1.e4 c5 2.c3 Nf6 3.e5 Nd5 4.d4 cxd4 5.Qxd4 e6 6.Nf3 Nc6 7.Qe4 d6 8.Nbd2 dxe5
9.Nxe5 Nxe5 10.Qxe5 Bd7 11.Nf3 Qb6 12.Bc4 Nf6 13.Qe2 Bd6 14.Bg5 O-O-O 15.a4 Qc7
16.Nd4 Kb8 17.Nb5 Bxb5 18.axb5 Rc8 19.Bxf6 gxf6 20.Bd3 h5 21.Qe3 Bc5 22.Qg3 Bd6
23.Qe3 b6 24.Be4 Bf4 25.Qf3 h4 26.h3 Rhg8 27.O-O f5 28.Bc6 e5 29.Rfd1 e4
30.Qh5 Rg5 31.Qxg5 Bxg5 32.Rd7 Qxd7 33.Bxd7 Rc5 34.Bc6 Re5 35.Rd1 Re7 36.Rd7 Rxd7
37.Bxd7 f4 38.Kf1 Kc7 39.Be8 f6 40.Bg6 e3 41.b4 Kd6 42.c4 f5 43.Bxf5 Ke5
44.Bg6 Kd4 45.c5 Kc4 46.cxb6 axb6 47.Be8 Kd3 48.fxe3 fxe3 49.Bh5 Kd2 50.Bg4  1/2-1/2

[Event "Balkaniad"]
[Site "Kavala"]
[Date "1990.??.??"]
[Round "1"]
[White "Bojkovic, Natasa"]
[Black "Chilingirova, Pavlina"]
[Result "1-0"]
[WhiteElo "2270"]
[BlackElo "2195"]

1.e4 c5 2.c3 Nf6 3.e5 Nd5 4.d4 cxd4 5.Nf3 Nc6 6.Bc4 Nb6 7.Bb3 d6 8.exd6 dxc3
9.Nxc3 exd6 10.Ng5 d5 11.O-O Be7 12.Qh5 g6 13.Qh6 Be6 14.Re1 Qd7 15.Bf4 O-O-O
16.Nb5 a6 17.Nc7 Bb4 18.Ncxe6 fxe6 19.Rxe6 Rde8 20.Rxe8+ Rxe8 21.Qxh7 Qxh7
22.Nxh7 Re2 23.Kf1 Rxb2 24.Bc1 Rxb3 25.axb3 d4 26.Bb2 Nd5 27.Rd1 Bc5 28.Ng5 Nc7
29.Ke2 Kd7 30.Kf3 Nb5 31.h4 Ne5+ 32.Kf4 Bd6 33.Ke4 Nc6 34.Nf3 Nc3+ 35.Bxc3 dxc3
36.Kd3 Bb4 37.Kc2+ Ke6 38.Nd4+ Nxd4+ 39.Rxd4 Ba5 40.b4 Bb6 41.Rf4 Ke5 42.Rf7 Bd4
43.Rxb7 Bxf2 44.Kxc3 Bxh4 45.Rb6 g5 46.Rxa6 g4 47.b5 Bf2 48.Rg6 Kf5 49.Rc6 Kf4
50.b6 Kg3 51.b7 Ba7 52.Ra6 Bb8 53.Ra2 Kf4 54.Kd4 Kg3 55.Kd5 Kh2 56.Kc6 g3
57.Kd7  1-0

[Event "Balkaniad"]
[Site "Kavala"]
[Date "1990.??.??"]
[Round "1"]
[White "Strikovic, Aleksa"]
[Black "Velikov, Petar"]
[Result "1-0"]
[WhiteElo "2510"]
[BlackElo "2495"]

1.e4 c5 2.c3 Nf6 3.e5 Nd5 4.d4 cxd4 5.Nf3 e6 6.cxd4 d6 7.Bc4 Nc6 8.O-O Be7
9.Qe2 Nb6 10.Bb3 d5 11.Nc3 a5 12.a3 Bd7 13.Bc2 a4 14.Be3 Na5 15.Nd2 Nac4
16.Nxc4 Nxc4 17.Bd3 Rc8 18.f4 Qb6 19.Rab1 Qa5 20.f5 exf5 21.Bxf5 Bxf5 22.Rxf5 O-O
23.Qf3 Rcd8 24.Rf1 Nxb2 25.Bc1 Qb6 26.Bxb2 Qxb2 27.Rxf7 Qb3 28.Kh1 Bxa3 29.e6 Qc4
30.Nxd5 Qxd5 31.Qxa3 Rfe8 32.e7 Qxf7 33.Rxf7 Kxf7 34.exd8=N+  1-0

[Event "Balkaniad"]
[Site "Kavala"]
[Date "1990.??.??"]
[Round "3"]
[White "Bojkovic, Natasa"]
[Black "Kondou, Eva"]
[Result "1-0"]
[WhiteElo "2270"]
[BlackElo "2240"]

1.e4 c5 2.c3 Nf6 3.e5 Nd5 4.d4 cxd4 5.Nf3 e6 6.cxd4 b6 7.Nc3 Nxc3 8.bxc3 Qc7
9.Be2 Qxc3+ 10.Bd2 Qa3 11.O-O Bb7 12.Rc1 Nc6 13.Rc3 Qxa2 14.Bc4 Qa5 15.Rc1 Qa3
16.Rc3 Qe7 17.d5 exd5 18.Bxd5 O-O-O 19.Bf4 h6 20.Nd4 Qb4 21.Rc4 Qa3 22.Qg4 h5
23.Qf5 g6 24.Qe4 Bc5 25.Nb5 Qa6 26.Rb1 f5 27.Qc2 Kb8 28.Rxc5 bxc5 29.Nd6 Nb4
30.Qxc5 Qd3 31.Qxb4 Qxd5 32.Nxb7 Ka8 33.Qd6 Qxd6 34.Nxd6 Rb8 35.Rc1 a5 36.h4 Ka7
37.Rc7+ Kb6 38.Rxd7 Rhd8 39.Rg7 a4 40.Be3+ Kc6  1-0

[Event "Balkaniad"]
[Site "Kavala"]
[Date "1990.??.??"]
[Round "4"]
[White "Kokanovic, Ksenija"]
[Black "Aleksieva, Silvia"]
[Result "0-1"]
[WhiteElo "2115"]
[BlackElo "2040"]

1.e4 c5 2.c3 Nf6 3.e5 Nd5 4.d4 cxd4 5.Qxd4 e6 6.Nf3 Nc6 7.Qe4 d6 8.Nbd2 Nxe5
9.Nxe5 dxe5 10.Qxe5 Bd7 11.Nc4 Qb8 12.Qxb8+ Rxb8 13.Ne5 Bd6 14.Nxd7 Kxd7
15.Bc4 Nf6 16.Be3 b5 17.Be2 a5 18.Bf3 Ke7 19.Ke2 Nd7 20.Rhd1 Ne5 21.Bf4 Nc4
22.Bxd6+ Nxd6 23.b3 Rhc8 24.Rac1 Rc5 25.Rd2 b4 26.Rdc2 Nb5 27.Ke1 Na3 28.Rd2 bxc3
29.Rd4 Rb4 30.Rd3 c2 31.Kd2 Nb1+ 32.Ke1 a4 33.Be2 axb3 34.axb3 Rb7 35.Rg3 Ra7
36.Bd3 Ra2 37.Re3 Rc3 38.Bc4 Rxe3+ 39.fxe3 Rb2 40.Bd3 Na3 41.Kd2 Rxb3 42.e4 Rb1
43.e5 g6 44.Bxc2 Rxc1 45.Kxc1 Nxc2 46.Kxc2 f5 47.Kc3 Kd7 48.Kd4 Kc6 49.Kc4 f4
50.Kd4 Kb5 51.Ke4 g5 52.Kf3 Kc5 53.Kg4 h6 54.h4 Kd5 55.hxg5 hxg5 56.Kxg5 Kxe5
57.Kg4 Ke4 58.Kg5 e5 59.Kg4 Kd3  0-1

[Event "Kherson"]
[Site "Kherson"]
[Date "1990.??.??"]
[Round "?"]
[White "Stripunsky, Alexander"]
[Black "Izhnin, A."]
[Result "1-0"]
[WhiteElo "2310"]
[BlackElo "2300"]

1.e4 c5 2.c3 Nf6 3.e5 Nd5 4.d4 cxd4 5.Nf3 Nc6 6.cxd4 d6 7.Bc4 Nb6 8.Bb5 dxe5
9.Nxe5 Bd7 10.Nxd7 Qxd7 11.Nc3 O-O-O 12.Be3 e5 13.dxe5 Qxd1+ 14.Rxd1 Rxd1+
15.Kxd1 Nxe5 16.Re1 Bd6 17.Bxb6 axb6 18.Nd5 Rd8 19.Kc2 Ng4 20.Nxb6+ Kc7 21.Nc4 Bb4
22.Re2 Rd5 23.a4 Bc5 24.h3 Nxf2 25.b4 Ba7 26.Na5 Nd1 27.Re7+ Kc8 28.Rxb7 Ne3+
29.Kb3 Bb8 30.Re7  1-0

[Event "Kirchheim rapid"]
[Site "Kirchheim"]
[Date "1990.??.??"]
[Round "11"]
[White "Hresc, Vladimir"]
[Black "Gutman, Lev"]
[Result "1/2-1/2"]
[WhiteElo "2335"]
[BlackElo "2475"]

1.e4 c5 2.c3 Nf6 3.e5 Nd5 4.d4 cxd4 5.Nf3 d6 6.Bc4 Nb6 7.Bb3 d5 8.Nxd4 Nc6
9.Qe2 Nxd4 10.cxd4 Bf5 11.Bd2 e6 12.Ba5 Be7 13.Ba4+ Kf8 14.O-O h5 15.Nc3 Rh6
16.Rac1 Bg5 17.f4 Be7 18.Nb5 Rg6 19.Bc2 Kg8 20.Bxf5 exf5 21.b3 a6 22.Nc7 Rc8
23.Nxd5 Rxc1 24.Nxe7+ Qxe7 25.Rxc1 Kf8  1/2-1/2

[Event "JUG-ch (Women)"]
[Site "Kladovo"]
[Date "1990.??.??"]
[Round "?"]
[White "Pihajlic, Amalija"]
[Black "Rodic Kures, Gordana"]
[Result "1/2-1/2"]
[WhiteElo "2210"]
[BlackElo "2050"]

1.e4 c5 2.c3 Nf6 3.e5 Nd5 4.d4 cxd4 5.cxd4 d6 6.Nf3 Nc6 7.Bc4 Nb6 8.Bb5 d5
9.Nc3 Bf5 10.Nh4 Bg6 11.Nxg6 hxg6 12.e6 Qd6 13.exf7+ Kxf7 14.h3 e5 15.dxe5 Qxe5+
16.Qe2 Qxe2+ 17.Nxe2 Bb4+ 18.Kd1 Rhe8 19.Be3 Nc4 20.a3 Nxe3+ 21.fxe3 Bc5
22.Nd4 Rxe3 23.Nxc6 bxc6 24.Bxc6 Rd8 25.Rc1 Bb6 26.Rc2 Re6 27.Ba4 Kf8 28.Rd2 Rf6
29.Re1 d4 30.b4 Rf4 31.Bc2 Rf6 32.Rd3 Rc8 33.Ba4 Rf2 34.Rd2 Rxd2+ 35.Kxd2 Rc3
36.Rf1+ Ke7 37.Rf3 Rxf3 38.gxf3 Kf6 39.Kd3 Ke5 40.Bd7 g5 41.a4 a5 42.Kc4 axb4
43.Kxb4 Kf4 44.a5 Ba7 45.Bc6  1/2-1/2

[Event "JUG-sf"]
[Site "Kladovo"]
[Date "1990.??.??"]
[Round "9"]
[White "Popov, Sinisa"]
[Black "Vlahovic, Svetozar"]
[Result "1/2-1/2"]
[WhiteElo "2290"]
[BlackElo "2290"]

1.e4 c5 2.c3 Nf6 3.e5 Nd5 4.d4 cxd4 5.Nf3 Nc6 6.Bc4 e6 7.cxd4 Nb6 8.Bb3 d6
9.O-O dxe5 10.dxe5 Be7 11.Nc3 O-O 12.Qe2 a6 13.Rd1 Qc7 14.Qe4 Nd7 15.Bc2 f5
16.exf6 Nxf6 17.Qh4 Ne5 18.Nxe5 Qxe5 19.Bxh7+ Nxh7 20.Qxe7 Nf6 21.Qd6 Qf5
22.Qf4 Qg6 23.Qg5 Qf7 24.Be3 b5 25.Bd4 Nh7 26.Qh4 Bb7 27.Be5 Rac8 28.Rd4 Qf5
29.Qg3 Nf6 30.Rd7 Rf7 31.Rxf7 Kxf7 32.Rd1 Bc6 33.Ne2 Bd5 34.Nc3 Bc6 35.Ne2 Bd5
36.Nc3 Bc6 37.a3 a5 38.Bxf6 gxf6 39.Qd3 Rg8 40.Qxf5 Rxg2+ 41.Kf1 exf5 42.Nxb5 Rxh2
43.Nd4 Bd5 44.Ke2 Bc4+ 45.Ke1 f4 46.Rc1 Ba2 47.Rc2 a4 48.Ke2 Rh3 49.Rc3 Rh4
50.Rc2 Kg6 51.Rc5 Rh1 52.Kf3 Rb1 53.Rb5 Rd1 54.Ne2 Rd3+ 55.Ke4 Rd2 56.Nxf4+ Kf7
57.Ke3 Rc2 58.Rb7+ Ke8 59.Nd3 Bb3 60.f3 Kd8 61.f4 Ke8 62.Rb5 Ke7 63.Nc5 Rh2
64.Nd3 Rc2 65.Rc5 Rh2 66.Kd4 Rd2 67.Rb5 Rc2 68.Rb4 Kd6 69.Rb6+ Ke7 70.Ke3 Kf7
71.Rb5 Rh2 72.Nf2 Rg2 73.Kf3 Rg1  1/2-1/2

[Event "Kuala Lumpur zt"]
[Site "Kuala Lumpur"]
[Date "1990.??.??"]
[Round "?"]
[White "Antonio, Rogelio Jr"]
[Black "Wang Zili"]
[Result "1/2-1/2"]
[WhiteElo "2440"]
[BlackElo "2525"]

1.e4 c5 2.c3 Nf6 3.e5 Nd5 4.d4 cxd4 5.cxd4 d6 6.Bc4 Nb6 7.Bb5+ Bd7 8.e6 Bxb5
9.Qh5 Qc8 10.Qxb5+ Kd8 11.Be3 fxe6 12.Ne2 Qc4 13.Qg5 Qd5 14.Qg3 Nc6 15.O-O Qf5  1/2-1/2

[Event "Kuala Lumpur zt"]
[Site "Kuala Lumpur"]
[Date "1990.??.??"]
[Round "?"]
[White "Antonio, Rogelio Jr"]
[Black "Ginting, Nasib"]
[Result "1-0"]
[WhiteElo "2440"]
[BlackElo "2400"]

1.e4 c5 2.c3 Nf6 3.e5 Nd5 4.d4 cxd4 5.Nf3 Nc6 6.Bc4 Nb6 7.Bb3 d6 8.exd6 Qxd6
9.Nxd4 Nxd4 10.cxd4 Be6 11.O-O Bxb3 12.Qxb3 e6 13.Nc3 Be7 14.d5 Nxd5 15.Rd1 Qb4
16.Nxd5 exd5 17.Qxb4 Bxb4 18.Rxd5 Rd8 19.Re5+ Kd7 20.Be3 b6 21.Rb5 Bd6 22.a4 Bc7
23.a5 bxa5 24.Rb7 Rb8 25.Rxa7 Kc8 26.Rc1 Rb7 27.Ra8+ Rb8 28.Rxa5 Kb7  1-0

[Event "Kuala Lumpur Interzonal (Women)"]
[Site "Kuala Lumpur"]
[Date "1990.??.??"]
[Round "9"]
[White "Starr, Nava"]
[Black "Demina, Julia"]
[Result "0-1"]
[WhiteElo "2220"]
[BlackElo "2310"]

1.e4 c5 2.c3 Nf6 3.e5 Nd5 4.d4 cxd4 5.Qxd4 e6 6.Nf3 Nc6 7.Qe4 f5 8.exf6 Nxf6
9.Qh4 Qc7 10.Bg5 Be7 11.Nbd2 d5 12.Bb5 O-O 13.Bd3 g6 14.O-O e5 15.c4 d4 16.Rfe1 Rf7
17.Ne4 Nh5 18.Bxe7 Qxe7 19.Qxe7 Rxe7 20.g3 Bf5 21.Nfd2 Rd8 22.a3 Kg7 23.Rad1 Nf6
24.b4 Nb8 25.f3 Nbd7 26.Kf2 Nb6 27.Nc5 Bxd3 28.Nxd3 Rde8 29.Nc5 g5 30.Nce4 Nxe4+
31.Rxe4 Na4 32.Rg4 h6 33.h4 Nc3 34.Re1 Kf6 35.hxg5+ hxg5 36.Rh1 Kg6 37.Ne4 Nxe4+
38.Rxe4 Rc8 39.c5 b6 40.Rc1 bxc5 41.bxc5 Rc6 42.Rc4 Kf6 43.Ke2 Rec7 44.f4 Rxc5
45.fxe5+ Rxe5 46.Rxd4 Rc2+ 47.Kd3 Rg2 48.Rd6+ Kf5 49.Rxe5+ Kxe5 50.Ra6 Rxg3+
51.Ke2 Rb3 52.Rxa7 Kf4 53.Kd2 g4 54.Kc2 Rf3 55.Kb2 g3 56.Rg7 Re3 57.a4 Kf3
58.Rf7+ Ke2 59.Rg7 Kf2 60.a5 g2 61.a6  0-1

[Event "Kuala Lumpur Interzonal (Women)"]
[Site "Kuala Lumpur"]
[Date "1990.??.??"]
[Round "12"]
[White "Dahl, Ingrid"]
[Black "Litinskaya, Marta I"]
[Result "1-0"]
[WhiteElo "2100"]
[BlackElo "2355"]

1.e4 c5 2.c3 Nf6 3.e5 Nd5 4.d4 cxd4 5.Bc4 Nb6 6.Bb3 dxc3 7.Nxc3 Nc6 8.Nf3 a6
9.Bf4 e6 10.O-O Na5 11.Bc2 Nbc4 12.Qe2 b5 13.b3 Nb6 14.Ng5 h6 15.Nge4 b4
16.Na4 Nd5 17.Bg3 Nc6 18.Rfd1 a5 19.Rxd5 exd5 20.Nf6+ gxf6 21.exf6+ Be7 22.Bd6 Ba6
23.Qe3 Ra7 24.fxe7 Qc8 25.Nb6 d4 26.Qg3  1-0

[Event "Lvov zt"]
[Site "Lvov"]
[Date "1990.??.??"]
[Round "?"]
[White "Rozentalis, Eduardas"]
[Black "Tukmakov, Vladimir B"]
[Result "1/2-1/2"]
[WhiteElo "2520"]
[BlackElo "2570"]

1.e4 c5 2.c3 Nf6 3.e5 Nd5 4.d4 cxd4 5.cxd4 d6 6.Bc4 Nb6 7.Bb5+ Nc6 8.Nc3 dxe5
9.d5 a6 10.Ba4 Nxa4 11.Qxa4 b5 12.Nxb5 Bd7 13.Nc3 Nd4 14.Qd1 g6 15.Nge2 Bg7
16.Be3 Qb6 17.Qd2 Rb8 18.b3 O-O 19.O-O Rfc8 20.Rac1 Qb4 21.Rfd1  1/2-1/2

[Event "Lvov zt"]
[Site "Lvov"]
[Date "1990.??.??"]
[Round "?"]
[White "Rozentalis, Eduardas"]
[Black "Vyzmanavin, Alexey"]
[Result "1/2-1/2"]
[WhiteElo "2520"]
[BlackElo "2560"]

1.e4 c5 2.c3 Nf6 3.e5 Nd5 4.d4 cxd4 5.cxd4 Nc6 6.Nc3 Nxc3 7.bxc3 d5 8.Bd3 e6
9.Nf3 Be7 10.h4 h6 11.h5 Bd7 12.Rh3 Qc7 13.Ng1 O-O-O 14.Ne2 f6 15.f4 Rhf8
16.Rb1 Kb8 17.Be3 Na5 18.Bf2 Nc4 19.Rg3 Rf7 20.Bg6 Rff8 21.Bd3 Rf7  1/2-1/2

[Event "Lyngby op"]
[Site "Lyngby"]
[Date "1990.??.??"]
[Round "9"]
[White "Blauert, Joerg"]
[Black "Fedder, Steen"]
[Result "1/2-1/2"]
[WhiteElo "2355"]
[BlackElo "2400"]

1.e4 c5 2.c3 Nf6 3.e5 Nd5 4.d4 cxd4 5.Nf3 Nc6 6.Bc4 Nb6 7.Bb3 d5 8.exd6 Qxd6
9.O-O Bf5 10.Nxd4 Nxd4 11.cxd4 e6 12.Nc3 Be7 13.Qf3 Qd7 14.Bf4 O-O 15.Rad1 Bf6
16.Rfe1 Rfe8 17.Be5 Bxe5 18.dxe5 Qc6 19.Qxc6 bxc6 20.Rd6 Rec8 21.Na4 Nxa4
22.Bxa4 Rab8 23.b3 c5 24.Rd7 a6 25.Rd6 a5 26.Rc1 g5 27.f3 c4 28.Rxc4 Rxc4
29.bxc4 Rb2 30.c5 Rxa2 31.Bb5 Rc2 32.c6 Rc5 33.Rd8+ Kg7 34.Rb8 Bc2 35.Rb7 a4
36.c7 a3 37.Ra7 a2 38.Rxa2 Rxc7 39.Kf2 h5 40.Rb2 Bf5  1/2-1/2

[Event "Mar del Plata op"]
[Site "Mar del Plata"]
[Date "1990.??.??"]
[Round "?"]
[White "Bademian, Jose"]
[Black "Salgado, Robert R"]
[Result "0-1"]
[WhiteElo "2285"]
[BlackElo "2305"]

1.e4 c5 2.c3 Nf6 3.e5 Nd5 4.d4 cxd4 5.Qxd4 e6 6.Nf3 Nc6 7.Qe4 f5 8.exf6 Nxf6
9.Qh4 Be7 10.Bd3 d5 11.Bg5 e5 12.Bg6+ Kd7 13.Bc2 h6 14.Be3 g5 15.Qa4 Kc7
16.Na3 Bd7 17.Nb5+ Kb8 18.Nxe5 Nxe5 19.Bxa7+ Kc8 20.Bb6 Rxa4 21.Bxd8 Kxd8
22.Bxa4 Nd3+ 23.Kd2 Nxb2 24.Rab1 Nxa4 25.Nd4 Ne4+ 26.Kc2 b6 27.f3 Nexc3 28.Rb3 Bf6
29.Rxc3 Bxd4 30.Rb3 Bc5 31.Re1 d4 32.Re5 Nc3 33.Rb2 Re8 34.Rxe8+ Kxe8 35.Kd3 Bb5+
36.Kd2 Bc4 37.a3 b5 38.Rc2 Bxa3 39.g3 Nd5 40.Ke1 d3  0-1